000 00553nam a2200193 i 4500
001 22015
003 ES-MaACL
005 20230906152605.0
007 t|
008 021129s1964 sp ||||1| spa d
100 1 _aAlfaro, Ricardo J.
_919809
245 1 0 _aDiccionario de anglicismos /
_cRicardo J. Alfaro.
260 _aMadrid :
_bGredos,
_c1964.
300 _a480 p. ;
_c25 cm.
490 1 _aBiblioteca románica hispánica
830 0 _aBiblioteca románica hispánica
_9180746
852 _aES-MaACL
_jC-25851
_bR.54810
999 _c22015
_d22015